书目信息 |
| 题名: |
外文美术字绘写手册
|
|
| 作者: | 赵宜生 编绘 | |
| 分册: | ||
| 出版信息: | 上海 上海科学技术出版社 1987 |
|
| 页数: | 270页 | |
| 开本: | 17cm | |
| 丛书名: | ||
| 单 册: | ||
| 中图分类: | J292.13 , J293 | |
| 科图分类: | ||
| 主题词: | 美术字--外文资料 , 书法 , 篆刻 | |
| 电子资源: | ||
| ISBN: | ||
| 000 | 00712nam0 2200277 45 | |
| 001 | 0187013223 | |
| 005 | 20040520150557.2 | |
| 010 | @dCNY2.40 | |
| 091 | @a17119.83 | |
| 100 | @a19951129d1987 em y0chiy0121 ea | |
| 101 | 0 | @achi |
| 102 | @aCN@b310000 | |
| 105 | @ay z 000yy | |
| 106 | @ar | |
| 200 | 10 | @a外文美术字绘写手册@Awai wen mei shu zi hui xie shou ce@f赵宜生编绘 |
| 210 | @a上海@c上海科学技术出版社@d1987 | |
| 215 | @a270页@d17cm | |
| 606 | @a美术字@x外文资料 | |
| 606 | 0 | @a书法 |
| 606 | 0 | @a篆刻 |
| 690 | @aJ292.13@v3 | |
| 690 | @aJ293 | |
| 701 | 0 | @a赵宜生@4编绘@Azhao yi sheng |
| 801 | 0 | @aCN@b深圳图书馆@c20040520 |
| 801 | 2 | @aCN@bNLC@c20040520 |
| 905 | @f1@b219847@dJ293@e213 | |
| 外文美术字绘写手册/赵宜生编绘.-上海:上海科学技术出版社,1987 |
| 270页;17cm |
| ISBN :CNY2.40 |
| ● |
| 相关链接 |
|
|
|
|
正题名:外文美术字绘写手册
索取号:J293/213
 
预约/预借
| 序号 | 登录号 | 条形码 | 馆藏地/架位号 | 状态 | 备注 |
| 1 | 0219847 | 001210718 | 第一借阅区/ [索取号:J293/213] | 在馆 | |
| 2 | 0219848 | 001210727 | 第一样本阅览室/ [索取号:J293/213] | 在馆 |